000 00293nam a2200097Ia 4500
082 _aJ|363.72|ETIN
245 0 _aPublic sanitation (building a public latrine)
100 _a Etingoff Kim, Kim [South Africa], 2010
_958773
942 _cBK
008 210817s9999 xx 000 0 und d
999 _c184140
_d184139